000 01122nam a2200265Ia 4500
001 275.694-COL pa cr (18376)
003 IT-MiSPE
008 171229s9999||||xx |||||||||||||| ||und||
040 _aIT-MiSPE
_cIT-MiSPE
041 _aITALIANO
100 _aPaolo Corbi
240 _aChristianity in Holy Land: Past and present
245 0 _aCristianesimo in Terra Santa
_bPassato e presente
250 _a1a ed. (v)
260 _aRoma
_bCoines
_c1972
300 _a232 p.
_c21 cm
490 _aProiezioni
500 _aPalestina
501 _aEdizioni San Paolo srl - Piazza Soncino, 5 - 20092 CINISELLO BALSAMO (MI) (non commercial uses only) ® Copyright 2018
520 _aTav.
700 _aElsa Codronchi Torelli
_g(traduzione)
942 _cBK
957 _71
999 _a4775
_bNO
_g Copie: 1
_c348399
_d348399